000 01289cab a2200361 4500
001 ABS47939
008 090401t1993 xxu||||| |||| 00| 0 eng d
035 _a(Sirsi) u64133
041 _aeng
100 _aHayes, J.
245 _aQuantifying beneficial interest in residential property
260 _c1993
350 _a0
490 _aSolicitors` Journal
_v137(1) 15 January 1993, 22-23 (2)
520 _aA short study of joint tenancies and the difficulties of apportioning the beneficial interest. Considers written and oral declarations, contributions to the purchase price of the property or to mortgage repayments and treatment of statutory discount for properties purchased from the local authority.
650 _aBENEFICIAL INTEREST
650 _aEVANS V HAYWARD
650 _aHUNTINGFORD V HOBBS
650 _aJOINT TENANCIES
650 _aLAW OF PROPERTY ACT 1925 S 53(1)(B)
650 _aLLOYDS BANK V ROSSET
650 _aMARSH V STERNBERG
650 _aMORTGAGE CONTRIBUTIONS
650 _aPASSEE V PASSEE
650 _aPETTITT V PETTITT
650 _aRESIDENTIAL PROPERTY
_96266
650 _aRIGHT TO BUY
650 _aSEVERANCE
650 _aSPRINGETTE V DEFOE
690 _aPROPERTY LAW AND PRACTICE
942 _n0
948 _c04/03/1997
999 _c39927
_d39927